5HLuxD.jpg

KING HENRY VIII SENIOR AND PRIMARY SCHOOL LIBRARY OPAC

Swimmy / (Record no. 1915)

000 -LEADER
fixed length control field 00875pam a2200289 i 4500
001 - CONTROL NUMBER
control field 017001950
003 - CONTROL NUMBER IDENTIFIER
control field Uk
005 - DATE AND TIME OF LATEST TRANSACTION
control field 20230216082939.0
008 - FIXED-LENGTH DATA ELEMENTS--GENERAL INFORMATION
fixed length control field 141110s2015 enka j 000|1|eng|d
015 ## - NATIONAL BIBLIOGRAPHY NUMBER
National bibliography number GBB501921
Source bnb
016 7# - NATIONAL BIBLIOGRAPHIC AGENCY CONTROL NUMBER
Record control number 017001950
Source Uk
020 ## - INTERNATIONAL STANDARD BOOK NUMBER
International Standard Book Number 9781783441754 (pbk.) :
040 ## - CATALOGING SOURCE
Original cataloging agency StDuBDS
Language of cataloging eng
Transcribing agency StDuBDS
Modifying agency Uk
-- KH8
Description conventions rda
042 ## - AUTHENTICATION CODE
Authentication code ukblcatcopy
082 04 - DEWEY DECIMAL CLASSIFICATION NUMBER
Classification number 813.54 LIO
Edition number 23
100 1# - MAIN ENTRY--PERSONAL NAME
Personal name Lionni, Leo,
Dates associated with a name 1910-1999,
Relator term author,
-- artist.
245 10 - TITLE STATEMENT
Title Swimmy /
Statement of responsibility, etc. by Leo Lionni.
264 #1 - PRODUCTION, PUBLICATION, DISTRIBUTION, MANUFACTURE, AND COPYRIGHT NOTICE
Place of production, publication, distribution, manufacture London :
Name of producer, publisher, distributor, manufacturer Andersen Press,
Date of production, publication, distribution, manufacture, or copyright notice 2015.
300 ## - PHYSICAL DESCRIPTION
Extent 1 volume (unpaged) :
Other physical details chiefly illustrations (colour) ;
Dimensions 27 cm
336 ## - CONTENT TYPE
Content type term text
Source rdacontent
336 ## - CONTENT TYPE
Content type term still image
Source rdacontent
337 ## - MEDIA TYPE
Media type term unmediated
Source rdamedia
338 ## - CARRIER TYPE
Carrier type term volume
Source rdacarrier
500 ## - GENERAL NOTE
General note Formerly CIP.
Institution to which field applies Uk
655 #7 - INDEX TERM--GENRE/FORM
Genre/form data or focus term Children's stories
Form subdivision Pictorial works.
Source of term gsafd
942 ## - ADDED ENTRY ELEMENTS (KOHA)
Source of classification or shelving scheme
Koha item type Books - Non Ficton
Holdings
Withdrawn status Lost status Source of classification or shelving scheme Damaged status Not for loan Collection code Permanent Location Current Location Shelving location Date acquired Total Checkouts Full call number Barcode Date last seen Date last checked out Price effective from Koha item type
          Non-Fiction KH8 Primary School Library KH8 Primary School Library Non Fiction 2023-02-16 10 813.54 LIO KHPL000003634 2025-12-05 2025-09-11 2023-02-16 Books - Non Ficton

Powered By KH8 IT Dept